[Event "Benidorm op U2000 13th"]
[Site "Benidorm"]
[Date "2014.12.03"]
[Round "6"]
[White "Aledo Yanguas, Javier"]
[Black "Gutierrez Gutierrez, Francisco"]
[Result "1-0"]
[WhiteElo "1838"]
[BlackElo "1520"]
[PlyCount "57"]
[EventDate "2014.11.28"]
[EventType "swiss"]
[EventRounds "10"]
[EventCountry "ESP"]
[SourceTitle "CBM 163 Extra"]
[Source "ChessBase"]
[SourceDate "2014.12.23"]
[SourceVersion "1"]
[SourceVersionDate "2014.12.23"]
[SourceQuality "1"]

1. e4 c5 2. c3 e6 3. d4 d5 4. exd5 Qxd5 5. Nf3 Nf6 6. Na3 cxd4 7. Nb5 Qe4+ 8. Be2 Na6 9. Nbxd4 Bd7 10. 0-0 Qd5 11. Bf4 Be7 12. b4 b5 13. Ne5 Nc7 14. Bf3 Ne4 15. Re1 f5 16. Bxe4 fxe4 17. Nxd7 Qxd7 18. Qh5+ g6 19. Qe5 0-0-0 20. Nxb5 Na6 21. Rxe4 Qd1+ 22. Rxd1 Rxd1+ 23. Re1 Rxe1+ 24. Qxe1 Rd8 25. Qxe6+ Rd7 26. Qxa6+ Kd8 27. Nd6 Bf6 28. Qc8+ Ke7 29. Qe8# 1-0